<?xml version="1.0" encoding="UTF-8"?>
<marc:record xmlns:marc="http://www.loc.gov/MARC21/slim">
   <marc:leader>00000nam a2200000 a 4500</marc:leader>
   <marc:datafield ind1=" " ind2=" " tag="653">
      <marc:subfield code="a">Wissen / Zeitschrift</marc:subfield>
   </marc:datafield>
   <marc:datafield ind1="0" ind2="0" tag="245">
      <marc:subfield code="a">Ökotest 2025 / 07</marc:subfield>
   </marc:datafield>
   <marc:datafield ind1=" " ind2="1" tag="264">
      <marc:subfield code="a">Frankfurt am  Main</marc:subfield>
      <marc:subfield code="b">Ökotest Verlag GmbH</marc:subfield>
      <marc:subfield code="c">2025</marc:subfield>
   </marc:datafield>
   <marc:datafield ind1="1" ind2=" " tag="520">
      <marc:subfield code="a">Veganes Eis: Zwei bekannte Marken fallen durch&#xD;
Pflanzenöle: Dauerproblem Mineralöl&#xD;
Elektrolyt-Prärarate: Kein einziges gut&#xD;
Luftballons: Krebserregende Stoffe entdeckt&#xD;
Mineralwasser: Nicht sauber - sechs Prodikte patzen</marc:subfield>
   </marc:datafield>
</marc:record>
